| Tag |
First Indicator |
Second Indicator |
Subfields |
| LEADER |
00000cam a2200000 i 4500 |
| 001 |
in00004097321 |
| 005 |
20210514090625.0 |
| 006 |
m o d f |
| 007 |
cr ||||||||||| |
| 008 |
191106s2019 dcu ob f000 0 eng c |
| 035 |
|
|
|a (OCoLC)on1126569504
|
| 042 |
|
|
|a pcc
|
| 043 |
|
|
|a n-us---
|
| 040 |
|
|
|a GPO
|b eng
|e rda
|e pn
|c GPO
|d GPO
|d OCLCF
|d GPO
|d MvI
|
| 049 |
|
|
|a WWW
|
| 050 |
|
4 |
|a KF32
|b .N38 2019o
|
| 074 |
|
|
|a 1008-I (online)
|
| 086 |
0 |
|
|a Y 1.1/8:116-230
|
| 110 |
1 |
|
|a United States.
|b Congress.
|b House.
|b Committee on Natural Resources,
|e author.
|
| 240 |
1 |
0 |
|a Offshore Wind for Territories Act (2019)
|
| 245 |
1 |
0 |
|a Offshore Wind for Territories Act :
|b report (to accompany H.R. 1014) (including cost estimate of the Congressional Budget Office).
|
| 264 |
|
1 |
|a [Washington, D.C.] :
|b [U.S. Government Publishing Office],
|c [2019]
|
| 300 |
|
|
|a 1 online resource (17 pages).
|
| 336 |
|
|
|a text
|b txt
|2 rdacontent
|
| 337 |
|
|
|a computer
|b c
|2 rdamedia
|
| 338 |
|
|
|a online resource
|b cr
|2 rdacarrier
|
| 490 |
1 |
|
|a Report / 116th Congress, 1st session, House of Representatives ;
|v 116-230
|
| 588 |
|
|
|a Description based on online resource, PDF version; title from PDF title screen (govinfo web site, viewed on Nov. 6, 2019).
|
| 500 |
|
|
|a "October 11, 2019."
|
| 504 |
|
|
|a Includes bibliographical references.
|
| 650 |
|
0 |
|a Wind power
|x Law and legislation
|z United States.
|
| 650 |
|
0 |
|a Offshore wind power plants
|x Law and legislation
|z United States.
|
| 650 |
|
0 |
|a Continental shelf
|x Law and legislation
|z United States.
|
| 650 |
|
0 |
|a Coral reef conservation
|x Law and legislation
|z United States.
|
| 650 |
|
0 |
|a Renewable energy sources
|x Law and legislation
|z United States.
|
| 650 |
|
7 |
|a Continental shelf
|x Law and legislation.
|2 fast
|0 (OCoLC)fst00876680
|
| 650 |
|
7 |
|a Coral reef conservation
|x Law and legislation.
|2 fast
|0 (OCoLC)fst00878845
|
| 650 |
|
7 |
|a Offshore wind power plants
|x Law and legislation.
|2 fast
|0 (OCoLC)fst01904121
|
| 650 |
|
7 |
|a Renewable energy sources
|x Law and legislation.
|2 fast
|0 (OCoLC)fst01094586
|
| 650 |
|
7 |
|a Wind power
|x Law and legislation.
|2 fast
|0 (OCoLC)fst01175644
|
| 651 |
|
7 |
|a United States.
|2 fast
|0 (OCoLC)fst01204155
|
| 655 |
|
7 |
|a Legislative materials.
|2 fast
|0 (OCoLC)fst01774285
|
| 655 |
|
7 |
|a Legislative materials.
|2 lcgft
|
| 776 |
0 |
8 |
|i Print version:
|a United States. Congress. House. Committee on Natural Resources.
|s Offshore Wind for Territories Act (2019)
|t Offshore Wind for Territories Act
|w (OCoLC)1126569497
|
| 776 |
0 |
8 |
|i Microfiche version:
|a United States. Congress. House. Committee on Natural Resources.
|s Offshore Wind for Territories Act (2019)
|t Offshore Wind for Territories Act
|w (OCoLC)1245239112
|
| 810 |
1 |
|
|a United States.
|b Congress.
|b House.
|t Report ;
|v 116-230.
|
| 856 |
4 |
0 |
|u https://purl.fdlp.gov/GPO/gpo128104
|t 0
|
| 999 |
f |
f |
|s ae657b17-ca89-33f7-a040-29228bd92089
|i 2c943584-89b6-30a5-974f-b70551c0008f
|t 0
|
| 952 |
f |
f |
|a Texas A&M University
|b College Station
|c Electronic Resources
|d Available Online
|t 0
|e Y 1.1/8:116-230
|h Superintendent of Documents classification
|
| 998 |
f |
f |
|a Y 1.1/8:116-230
|t 0
|l Available Online
|